000 00679nam a2200229 i 4500
005 20260528154142.0
007 ta
008 260527b1993 mx ||||gr|||| 00| 0 spa d
020 _a9686063498
040 _acrsjilan
_bspa
_ccrsjilan
_erda
041 0 _aspa
082 0 _a345
_bG182e
100 1 _aGalván González, Francisco
_eautor
_9282
245 1 0 _aEugenio Raúl Zaffaroni en México
250 _aPrimera edición
264 1 _aCiudad de México , México :
_bUniversidad Autónoma de Sinaloa ,
_c1993
300 _a175 páginas ;
_c20 cm
336 _2rdacontent
_atexto
337 _2rdamedia
_asin mediación
338 _2rdacarrier
_avolumen
942 _2ddc
_n0
_cLIBRO
999 _c467
_d467